000 01410nmm a2200373 a 4500
003 AR-BaBNM
005 20251128204248.0
008 125019s1994 ||||||||||||||000 | spa||
040 _cAR-BaBNM
245 1 0 _aRelatos de nuestros abuelos
_bcuentos del pueblo toba ; La' aqtaxanaxac so hua'au Qarqueroxonecpi : La'aqtaxanaxac na Qom
250 _a1ª ed.
260 _aChaco
_bCentro de Investigación y Formación para la Modalidad Aborigen
_bPROEBI
_c1994
300 0 _a56 p.
_bil.
500 0 _aPROEBI:Programa de Educación Bilingüe Intercultural
500 0 _aCIFMA:Centro de Investigación y Formación para la Modalidad Aborigen
500 0 _aEdición e impresión con financiamiento del Plan Social Educativo del Ministerio de Cultura y Educación de la Nación
650 4 _aLITERATURA FOLKLORICA
650 4 _aLENGUAS INDIAS SUDAMERICANAS
650 4 _aTOBAS
650 4 _aABORIGENES ARGENTINOS
650 4 _aLITERATURA INFANTIL
650 4 _aCUENTOS FOLKLORICOS
650 4 _aLEYENDAS
650 4 _aCOSTUMBRES Y TRADICIONES
651 4 _aChaco
700 1 _aSánchez, Orlando
_ecompilador
700 1 _aZacarías, David
_ecompilador
700 1 _aIlieff, Jorge
_eilustrador
700 1 _aBadaracco, Mirna Virginia
_etraductor
700 1 _aZazzeri de Bustamante, Margarita E.
_etraductor
700 1 _aGarcía, María Verónica
_etraductor
942 _cBK
998 _cEthel
999 _c6760
_d6760